Gaming Quiz

Random Gaming or Numbers Quiz

All ice pokemon Quiz Stats

 Plays Quiz not verified by Sporcle

Also try: Toys: Close Up
Challenge
Share
Tweet
Embed
Score 0/33 Timer 06:00
0 Plays Today
Number Name % Correct
144Articuno
96.1%
87Dewgong
95.8%
124Jynx
95.5%
131Lapras
90%
221Piloswine
88%
215Sneasel
87.5%
220Swinub
86.9%
362Glalie
85.9%
361Snorunt
85.2%
91Cloyster
85.1%
460Abomasnow
84.6%
478Froslass
84.6%
461Weavile
84.5%
473Mamoswine
84.3%
363Spheal
81%
365Walrein
80.4%
238Smoochum
78.7%
Number Name % Correct
459Snover
78.5%
225Delibird
77.4%
364Sealeo
77.2%
646Kyurem
74.1%
584Vanilluxe
72.5%
582Vanillite
70.9%
583Vanillish
69.1%
471Glaceon
68.8%
378Regice
68.4%
613Cubchoo
67.7%
614Beartic
64.7%
713Avalugg
64.4%
615Cryogonal
62.1%
698Amaura
57%
712Bergmite
56.4%
699Arourus
14.1%

You're not logged in!

Compare scores with friends on all Sporcle quizzes.
Join for Free
OR
Log In

You Might Also Like...

Show Comments

Extras

Top Quizzes Today


Score Distribution

Your Account Isn't Verified!

In order to create a playlist on Sporcle, you need to verify the email address you used during registration. Go to your Sporcle Settings to finish the process.

Report this User

Report this user for behavior that violates our Community Guidelines.

Details: